Sozialgeschichte Der Mittelalterlichen Kunst /

Đã lưu trong:
Chi tiết về thư mục
Tác giả chính: Hauser, Arnold (autor)
Định dạng: Sách
Ngôn ngữ:German
Loạt:(Lunstgeschichte)
(Rowohlts Deutsche Enzyklopadie)
Những chủ đề:
Các nhãn: Thêm thẻ
Không có thẻ, Là người đầu tiên thẻ bản ghi này!

MARC

LEADER 00000nam^a2200000^a^4500
001 000073297
005 20250521000000.0
009 20260310091624.444
037 |a Acervo ITESO - Biblioteca 
041 |a ALE 
082 |a 709. 02  |b HAU 
100 |a Hauser, Arnold  |e (autor) 
245 |a Sozialgeschichte Der Mittelalterlichen Kunst /  |c A. Hausen. 
264 |a Munich, Alemania :  |b Rowohlt,  |c 1957 
300 |a 153 p. 
336 |a texto  |b txt  |2 rdacontenido 
337 |a sin mediación  |b n  |2 rdamedio 
338 |a volumen  |b nc  |2 rdasoporte 
440 |a (Lunstgeschichte) 
440 |a (Rowohlts Deutsche Enzyklopadie) 
649 |a XX 
650 |a Arte 
650 |a Arte Religioso 
650 |a Arte Carolingio 
650 |a Arte Gótico 
910 |a Fondo Armando Suárez Gómez 
920 |a Impresos - Libros 
930 |a Fondos Especiales 
905 |a 111 
901 |a 0700005397  |b IT2  |c ESP  |u 20250521 
902 |a https://opac.biblio.iteso.mx/vufind/Record/000073297